Normal view MARC view
  • Underwood, John H, Reuter, Walter G

Entry Personal Name

Number of records used in: 1

001 - CONTROL NUMBER

  • control field: 66589

003 - CONTROL NUMBER IDENTIFIER

  • control field: NUST

005 - DATE AND TIME OF LATEST TRANSACTION

  • control field: 20210628203622.0

008 - FIXED-LENGTH DATA ELEMENTS

  • fixed length control field: 210628|| aca||aabn | a|a d

040 ## - CATALOGING SOURCE

  • Original cataloging agency: NUST
  • Transcribing agency: NUST

100 ## - HEADING--PERSONAL NAME

  • Personal name: Underwood, John H, Reuter, Walter G

670 ## - SOURCE DATA FOUND

  • Source citation: Work cat.: (NUST): Underwood, John H, Reuter, Walter G, Fracture mechanics, 26th volume, 1995
© 2023 Central Library, National University of Sciences and Technology. All Rights Reserved.